[Event "Ljubljana-chT 74th"]
[Site "Ljubljana"]
[Date "2022.01.27"]
[Round "3.2"]
[White "Skok, Boris"]
[Black "Mlacnik, Janez"]
[Result "1/2-1/2"]
[WhiteElo "1898"]
[BlackElo "1824"]
[PlyCount "62"]
[EventDate "2022.01.13"]
[EventType "team-swiss"]
[EventRounds "9"]
[EventCountry "SLO"]
[SourceTitle "EXT 2024"]
[Source "ChessBase"]
[SourceDate "2023.10.10"]
[SourceVersion "1"]
[SourceVersionDate "2023.10.10"]
[SourceQuality "1"]
[WhiteTeam "Crni Graben"]
[BlackTeam "Ljubljana Karel Jeraj"]
[WhiteTeamCountry "SLO"]
[BlackTeamCountry "SLO"]

1. d4 d5 2. c4 e5 3. dxe5 d4 4. Nf3 Nc6 5. g3 Bg4 6. Bg2 Bb4+ 7. Nbd2 Qe7 8. 0-0 Bxd2 9. Bxd2 0-0-0 10. Qa4 Kb8 11. b4 h5 12. b5 Nxe5 13. Rab1 Nxf3+ 14. exf3 Bf5 15. Rfe1 Qd7 16. Rb4 h4 17. c5 hxg3 18. fxg3 Bh3 19. Bh1 Nf6 20. c6 Qd5 21. f4 Qh5 22. Re5 Bf5 23. h4 Qg4 24. Be1 Rxh4 25. Bg2 Rhh8 26. cxb7 Be4 27. Rxe4 Nxe4 28. Rxd4 Nxg3 29. Bf2 Ne2+ 30. Kf1 Nxd4 31. Bxd4 Qxf4+ 1/2-1/2

[Event "Ljubljana-chT 74th"]
[Site "Ljubljana"]
[Date "2022.01.13"]
[Round "1.2"]
[White "Skok, Boris"]
[Black "Turek, Lan Timotej"]
[Result "0-1"]
[WhiteElo "1898"]
[BlackElo "2038"]
[PlyCount "68"]
[EventDate "2022.01.13"]
[EventType "team-swiss"]
[EventRounds "9"]
[EventCountry "SLO"]
[SourceTitle "EXT 2024"]
[Source "ChessBase"]
[SourceDate "2023.10.10"]
[SourceVersion "1"]
[SourceVersionDate "2023.10.10"]
[SourceQuality "1"]
[WhiteTeam "Crni Graben"]
[BlackTeam "Domzale SD"]
[WhiteTeamCountry "SLO"]
[BlackTeamCountry "SLO"]

1. d4 Nf6 2. c4 d6 3. Nc3 g6 4. Nf3 Bg7 5. e4 0-0 6. h3 e5 7. d5 a5 8. Bd3 Na6 9. Be3 b6 10. Qd2 Bd7 11. 0-0 Ne8 12. Nh2 f5 13. f4 Nc5 14. exf5 gxf5 15. Bc2 e4 16. Rab1 Kh8 17. Ne2 Rg8 18. Kh1 Nf6 19. Rg1 Qe8 20. Ng3 a4 21. Nhf1 Qg6 22. Ne2 Qh6 23. Nh2 Qh5 24. Ng3 Qf7 25. Ne2 b5 26. cxb5 Qxd5 27. Nc3 Qxd2 28. Bxd2 d5 29. Be3 Ne6 30. Ne2 Bxb5 31. Nd4 Nxd4 32. Bxd4 Nh5 33. Bxg7+ Rxg7 34. g4 Nxf4 0-1

[Event "SLO-chT Central 22nd"]
[Site "Slovenia"]
[Date "2021.09.30"]
[Round "3.2"]
[White "Skok, Boris"]
[Black "Groselj, Petra"]
[Result "1/2-1/2"]
[WhiteElo "1889"]
[BlackElo "1910"]
[PlyCount "36"]
[EventDate "2021.09.16"]
[EventType "team-tourn"]
[EventRounds "7"]
[EventCountry "SLO"]
[SourceTitle "EXT 2024"]
[Source "ChessBase"]
[SourceDate "2023.10.10"]
[SourceVersion "1"]
[SourceVersionDate "2023.10.10"]
[SourceQuality "1"]
[WhiteTeam "Crni Graben"]
[BlackTeam "Domzale SD"]
[WhiteTeamCountry "SLO"]
[BlackTeamCountry "SLO"]

1. d4 g6 2. c4 Bg7 3. Nc3 d6 4. e4 Nc6 5. Be3 e5 6. d5 Nce7 7. Nge2 f5 8. f3 Nf6 9. h3 0-0 10. Qd2 a6 11. g4 Bd7 12. Nc1 Rb8 13. Bd3 b5 14. b3 c5 15. Qg2 Kh8 16. Rg1 Rf7 17. Qc2 Qc8 18. Rb1 Rb7 1/2-1/2

[Event "SLO-chT 31st"]
[Site "Ljubljana"]
[Date "2021.09.18"]
[Round "5.5"]
[White "Skok, Boris"]
[Black "Rozic, Adrijan"]
[Result "1-0"]
[WhiteElo "1889"]
[BlackElo "2055"]
[PlyCount "83"]
[EventDate "2021.09.10"]
[EventType "team-tourn"]
[EventRounds "9"]
[EventCountry "SLO"]
[SourceTitle "CBM 204 Extra"]
[Source "ChessBase"]
[SourceDate "2021.11.30"]
[SourceVersion "1"]
[SourceVersionDate "2021.11.30"]
[SourceQuality "1"]
[WhiteTeam "Kranj Stari Mayr"]
[BlackTeam "Ig"]
[WhiteTeamCountry "SLO"]
[BlackTeamCountry "SLO"]

1. d4 e6 2. Nf3 f5 3. g3 Nf6 4. Bg2 Be7 5. 0-0 0-0 6. c4 d6 7. b3 c6 8. Qc2 Bd7 9. Nbd2 d5 10. Ne5 Be8 11. Ndf3 Nbd7 12. Ng5 Bf7 13. Ngxf7 Rxf7 14. Nxf7 Kxf7 15. Bb2 g6 16. Rac1 h5 17. h4 Ng4 18. Qd2 Bxh4 19. gxh4 Qxh4 20. Qf4 Qe7 21. f3 g5 22. Qd2 Nh6 23. e4 Kg6 24. cxd5 exd5 25. exd5 cxd5 26. Rfe1 Qd6 27. Rc2 Rh8 28. Bf1 f4 29. Qd3+ Nf5 30. Bh3 g4 31. fxg4 hxg4 32. Bxg4 Qf6 33. Rg2 Rh1+ 34. Kxh1 Qh4+ 35. Rh2 Qxe1+ 36. Kg2 f3+ 37. Qxf3 Nh4+ 38. Rxh4 Qxh4 39. Qf5+ Kg7 40. Qxd7+ Kg6 41. Bf5+ Kf6 42. Qd8+ 1-0

[Event "Ljubljana-chT 73rd"]
[Site "Ljubljana"]
[Date "2020.02.06"]
[Round "3.2"]
[White "Mihelic, Vesna"]
[Black "Skok, Boris"]
[Result "1-0"]
[WhiteElo "1887"]
[BlackElo "1933"]
[PlyCount "75"]
[EventDate "2020.01.16"]
[EventType "team-swiss"]
[EventRounds "6"]
[EventCountry "SLO"]
[SourceTitle "EXT 2024"]
[Source "ChessBase"]
[SourceDate "2023.10.10"]
[SourceVersion "1"]
[SourceVersionDate "2023.10.10"]
[SourceQuality "1"]
[WhiteTeam "Menges Trzin"]
[BlackTeam "Crni Graben"]
[WhiteTeamCountry "SLO"]
[BlackTeamCountry "SLO"]

1. e4 c5 2. Nf3 e6 3. c4 Nc6 4. Nc3 Nd4 5. d3 Ne7 6. Nxd4 cxd4 7. Ne2 Nc6 8. f4 d6 9. g3 Be7 10. Bg2 0-0 11. 0-0 e5 12. f5 Bg5 13. h4 Bf6 14. Kh2 Bd7 15. Ng1 a5 16. Nh3 Nb4 17. a3 Na6 18. g4 Qc8 19. g5 Bd8 20. h5 Nc5 21. g6 Be8 22. gxh7+ Kxh7 23. h6 f6 24. Rg1 g6 25. fxg6+ Bxg6 26. Bf3 Rg8 27. Rb1 a4 28. Bg4 Qc7 29. b4 axb3 30. Rb2 Qf7 31. Rbg2 Ne6 32. Bxe6 Qxe6 33. Rxg6 Rxg6 34. Rxg6 Kxg6 35. Qg1+ Kh5 36. h7 Ba5 37. Qg7 Qe8 38. Nf2 1-0

[Event "SLO-chT Central 20th"]
[Site "Slovenia"]
[Date "2019.10.03"]
[Round "4.3"]
[White "Olenik Campa, Rudi"]
[Black "Skok, Boris"]
[Result "1-0"]
[WhiteElo "1997"]
[BlackElo "1918"]
[PlyCount "63"]
[EventDate "2019.09.12"]
[EventType "team-tourn"]
[EventRounds "7"]
[EventCountry "SLO"]
[SourceTitle "EXT 2024"]
[Source "ChessBase"]
[SourceDate "2023.10.10"]
[SourceVersion "1"]
[SourceVersionDate "2023.10.10"]
[SourceQuality "1"]
[WhiteTeam "Domzale Tajfun"]
[BlackTeam "Bor Dob"]
[WhiteTeamCountry "SLO"]
[BlackTeamCountry "SLO"]

1. e4 c5 2. Nf3 e6 3. d4 cxd4 4. Nxd4 Nc6 5. Nxc6 bxc6 6. c4 Nf6 7. Nc3 e5 8. Bd3 Bc5 9. 0-0 d6 10. Ne2 Ng4 11. h3 Qh4 12. hxg4 h5 13. g5 a5 14. a3 Bg4 15. Bd2 f6 16. Qc1 0-0 17. b4 axb4 18. axb4 Ba7 19. c5 Rfd8 20. Bc3 d5 21. Ng3 d4 22. Bd2 Rd7 23. b5 Rc8 24. b6 Bb8 25. Bc4+ Kh7 26. Qe1 Rh8 27. f3 Kg6 28. fxg4 hxg4 29. Rf5 Rdd8 30. Qf2 Rdf8 31. Ra8 Rd8 32. Rxf6+ 1-0

[Event "SLO-chT Central 20th"]
[Site "Slovenia"]
[Date "2019.09.19"]
[Round "2.3"]
[White "Miceli, Dario Edgardo"]
[Black "Skok, Boris"]
[Result "0-1"]
[WhiteElo "1636"]
[BlackElo "1918"]
[PlyCount "85"]
[EventDate "2019.09.12"]
[EventType "team-tourn"]
[EventRounds "7"]
[EventCountry "SLO"]
[SourceTitle "EXT 2024"]
[Source "ChessBase"]
[SourceDate "2023.10.10"]
[SourceVersion "1"]
[SourceVersionDate "2023.10.10"]
[SourceQuality "1"]
[WhiteTeam "Visnja Gora Sticna"]
[BlackTeam "Bor Dob"]
[WhiteTeamCountry "SLO"]
[BlackTeamCountry "SLO"]

1. Nf3 Nf6 2. g3 d5 3. Bg2 Bg4 4. 0-0 c6 5. d3 Nbd7 6. Nbd2 e6 7. e4 Be7 8. Re1 0-0 9. h3 Bh5 10. g4 Bg6 11. e5 Ne8 12. Nf1 Nc7 13. Bf4 a5 14. Bg3 Re8 15. h4 h6 16. Qd2 Bb4 17. Qf4 Be7 18. g5 h5 19. Bh3 a4 20. a3 c5 21. Ne3 b5 22. Ng2 c4 23. Qd2 cxd3 24. cxd3 Nc5 25. Nf4 Nb3 26. Qe2 Nxa1 27. Rxa1 Rc8 28. Ne1 b4 29. Nxh5 bxa3 30. Nf4 axb2 31. Qxb2 a3 32. Qe2 Bf8 33. Nxg6 fxg6 34. Ng2 Nb5 35. Qg4 Qb6 36. h5 Qd4 37. Nf4 Qxa1+ 38. Kg2 Rc1 39. Bh2 Nd4 40. h6 Rh1 41. h7+ Kxh7 42. Qh4+ Kg8 43. Kg3 0-1

[Event "SLO-chT Central 18th"]
[Site "Slovenia"]
[Date "2017.10.19"]
[Round "6.3"]
[White "Skok, Boris"]
[Black "Kralj, Nejc"]
[Result "1/2-1/2"]
[WhiteElo "2022"]
[BlackElo "1726"]
[PlyCount "62"]
[EventDate "2017.09.14"]
[EventType "team-tourn"]
[EventRounds "7"]
[EventCountry "SLO"]
[SourceTitle "EXT 2019"]
[Source "ChessBase"]
[SourceDate "2018.10.10"]
[SourceVersion "1"]
[SourceVersionDate "2018.10.10"]
[SourceQuality "1"]
[WhiteTeam "Bor Dob"]
[BlackTeam "Komenda Pogi"]
[WhiteTeamCountry "SLO"]
[BlackTeamCountry "SLO"]

1. d4 d5 2. c4 c6 3. Nf3 Nf6 4. Qc2 e6 5. e3 Nbd7 6. Nc3 Bd6 7. Bd3 dxc4 8. Bxc4 b5 9. Bd3 Bb7 10. 0-0 0-0 11. Rd1 Rc8 12. Qe2 Qb6 13. a4 b4 14. a5 Qc7 15. Ne4 Nxe4 16. Bxe4 Nf6 17. Bb1 c5 18. h3 c4 19. e4 c3 20. bxc3 bxc3 21. Bc2 Be7 22. Ne5 Rfd8 23. Nf3 Qc6 24. a6 Ba8 25. Re1 Bf8 26. Bg5 h6 27. Bh4 Rb8 28. e5 Nd5 29. Bxd8 Rxd8 30. Qe4 g6 31. Qh4 Rb8 1/2-1/2

[Event "Pula op 31st"]
[Site "Pula"]
[Date "2017.09.14"]
[Round "7"]
[White "Bozinovic, Bogdan"]
[Black "Skok, Boris"]
[Result "1-0"]
[WhiteElo "2174"]
[BlackElo "2022"]
[PlyCount "145"]
[EventDate "2017.09.09"]
[EventType "swiss"]
[EventRounds "9"]
[EventCountry "CRO"]
[SourceTitle "CBM 180 Extra"]
[Source "ChessBase"]
[SourceDate "2017.10.06"]
[SourceVersion "1"]
[SourceVersionDate "2017.10.06"]
[SourceQuality "1"]

1. d4 d5 2. c4 c6 3. Nf3 Nf6 4. Nc3 a6 5. e3 Bf5 6. Nh4 Bg4 7. f3 Bh5 8. g4 Bg6 9. g5 Nfd7 10. f4 e6 11. Nxg6 hxg6 12. Bd2 b5 13. c5 a5 14. h4 Be7 15. Qf3 Na6 16. Bd3 Qc7 17. Ke2 Nb4 18. Bb1 Na6 19. a3 0-0-0 20. Bd3 Nab8 21. Rac1 Qb7 22. b4 axb4 23. axb4 Na6 24. Nd1 Ndb8 25. Nf2 Rh5 26. Ng4 Rdh8 27. Be1 Bd8 28. Rb1 Nd7 29. Bg3 R5h7 30. Bc2 Be7 31. Nf2 Rf8 32. h5 Rxh5 33. Rxh5 gxh5 34. Qxh5 g6 35. Qh6 Qb8 36. Nd3 Kb7 37. Rh1 Qe8 38. Be1 Bd8 39. Nf2 Be7 40. Ng4 Nab8 41. Bd2 Na6 42. Bc3 Nab8 43. Bd3 Na6 44. Kd2 Qa8 45. Qh2 Qe8 46. Qh7 Nab8 47. Kc2 Bd8 48. Bd2 Bc7 49. Qh4 Bd8 50. Qh6 Be7 51. Kc3 Rg8 52. Qh7 Rf8 53. Qh3 Rg8 54. Be1 Na6 55. Rh2 Qa8 56. Ra2 Qe8 57. Qg2 Ndb8 58. Bg3 Rh8 59. Ne5 Bd8 60. Qf1 Nc7 61. Qg2 Rh7 62. Qg1 Rh8 63. Rh2 Rf8 64. Rh7 Nba6 65. Qa1 Na8 66. Nxf7 Rxf7 67. Bxg6 Qg8 68. Rxf7+ N8c7 69. Qb1 Kc8 70. Rh7 Qf8 71. Bf7 e5 72. Qf5+ Kb8 73. fxe5 1-0

[Event "Nova Gorica op 22nd"]
[Site "Nova Gorica"]
[Date "2017.01.31"]
[Round "7"]
[White "Skok, Boris"]
[Black "Marchesich, Giovanni"]
[Result "1-0"]
[WhiteElo "2035"]
[BlackElo "1809"]
[PlyCount "53"]
[EventDate "2017.01.27"]
[EventType "swiss"]
[EventRounds "9"]
[EventCountry "SLO"]
[SourceTitle "CBM 176 Extra"]
[Source "ChessBase"]
[SourceDate "2017.03.02"]
[SourceVersion "1"]
[SourceVersionDate "2017.03.02"]
[SourceQuality "1"]

1. d4 Nf6 2. c4 e6 3. Nf3 d5 4. Nc3 Be7 5. cxd5 exd5 6. Bf4 c6 7. e3 Nbd7 8. h3 0-0 9. Bd3 Re8 10. 0-0 Nf8 11. Qc2 Ne6 12. Be5 g6 13. Rad1 Ng7 14. Nd2 Bf5 15. e4 dxe4 16. Ndxe4 Nxe4 17. Nxe4 Bxe4 18. Bxe4 f6 19. Bf4 f5 20. Qb3+ Kh8 21. Bf3 Qb6 22. Qf7 Bf8 23. Be5 Qb4 24. Rfe1 Red8 25. Bf6 Rd6 26. Bxg7+ Bxg7 27. Re8+ 1-0

[Event "Nova Gorica op 22nd"]
[Site "Nova Gorica"]
[Date "2017.01.29"]
[Round "5"]
[White "Skok, Boris"]
[Black "Gruden, Matej"]
[Result "1-0"]
[WhiteElo "2035"]
[BlackElo "1826"]
[PlyCount "57"]
[EventDate "2017.01.27"]
[EventType "swiss"]
[EventRounds "9"]
[EventCountry "SLO"]
[SourceTitle "CBM 176 Extra"]
[Source "ChessBase"]
[SourceDate "2017.03.02"]
[SourceVersion "1"]
[SourceVersionDate "2017.03.02"]
[SourceQuality "1"]

1. d4 Nf6 2. c4 c5 3. d5 b5 4. cxb5 a6 5. bxa6 g6 6. Nc3 Bg7 7. e4 0-0 8. Nf3 Bxa6 9. Bxa6 Nxa6 10. Qe2 d6 11. 0-0 Nd7 12. Bf4 Qb6 13. Rab1 Nc7 14. Rfd1 Rfb8 15. e5 Kf8 16. h4 Ra6 17. h5 Qb4 18. g3 Rab6 19. Qe3 Nb5 20. Nxb5 Qxb5 21. Re1 dxe5 22. Nxe5 Nxe5 23. Bxe5 R8b7 24. h6 Bf6 25. d6 c4 26. Bxf6 exf6 27. Rbd1 Qd7 28. Qe7+ Qxe7 29. dxe7+ 1-0

[Event "Nova Gorica op 22nd"]
[Site "Nova Gorica"]
[Date "2017.01.28"]
[Round "2"]
[White "Dobrovoljc, Vid"]
[Black "Skok, Boris"]
[Result "1-0"]
[WhiteElo "2297"]
[BlackElo "2035"]
[PlyCount "99"]
[EventDate "2017.01.27"]
[EventType "swiss"]
[EventRounds "9"]
[EventCountry "SLO"]
[SourceTitle "CBM 176 Extra"]
[Source "ChessBase"]
[SourceDate "2017.03.02"]
[SourceVersion "1"]
[SourceVersionDate "2017.03.02"]
[SourceQuality "1"]

1. d4 d5 2. c4 c6 3. Nf3 Nf6 4. e3 a6 5. Bd3 e6 6. b3 Nbd7 7. Bb2 Bd6 8. Nbd2 Qe7 9. Ne5 Ba3 10. Bxa3 Qxa3 11. Nxd7 Nxd7 12. cxd5 exd5 13. Qc2 Nf6 14. 0-0 0-0 15. h3 h6 16. Nf3 a5 17. Rab1 Qb4 18. Rfc1 Be6 19. Qb2 Rfb8 20. a3 Qd6 21. Ne5 Nd7 22. f4 Nf8 23. Rc2 f6 24. Nf3 Re8 25. Re1 Bc8 26. Kf2 Re7 27. g4 Bd7 28. f5 Rae8 29. Qc1 Nh7 30. h4 Bc8 31. Rce2 Re4 32. Rg1 R4e7 33. Rg3 Kh8 34. Qh1 Rxe3 35. Rxe3 Rxe3 36. Ne5 fxe5 37. Rxe3 e4 38. Qh3 Nf6 39. Be2 Qxa3 40. Qg3 Qe7 41. g5 Ng8 42. Qf4 Qb4 43. Qe5 Qf8 44. Bg4 Qb4 45. Be2 Qf8 46. Bg4 Qb4 47. Rg3 Qf8 48. Ke3 Bd7 49. f6 Bxg4 50. Rxg4 1-0

[Event "Nova Gorica op 22nd"]
[Site "Nova Gorica"]
[Date "2017.01.27"]
[Round "1"]
[White "Skok, Boris"]
[Black "Herega, Nejc"]
[Result "1-0"]
[WhiteElo "2035"]
[BlackElo "1494"]
[PlyCount "81"]
[EventDate "2017.01.27"]
[EventType "swiss"]
[EventRounds "9"]
[EventCountry "SLO"]
[SourceTitle "CBM 176 Extra"]
[Source "ChessBase"]
[SourceDate "2017.03.02"]
[SourceVersion "1"]
[SourceVersionDate "2017.03.02"]
[SourceQuality "1"]

1. d4 Nf6 2. c4 c5 3. d5 b5 4. cxb5 a6 5. bxa6 g6 6. Nc3 Bxa6 7. e4 Bxf1 8. Kxf1 d6 9. Nf3 Nbd7 10. g3 Bg7 11. Kg2 0-0 12. a4 Qb6 13. Qe2 Rfb8 14. Bd2 Ne8 15. Rhb1 Nc7 16. b3 Qa6 17. Qd1 Ne5 18. Nxe5 Bxe5 19. Qc2 Bg7 20. Ra2 Qb6 21. a5 Qa6 22. Na4 Nb5 23. Qc4 Nd4 24. Qxa6 Rxa6 25. b4 cxb4 26. Rxb4 Rxb4 27. Bxb4 Nb5 28. Rc2 Ra8 29. Nb6 Rb8 30. Bd2 h5 31. Rc8+ Rxc8 32. Nxc8 Bd4 33. Nxe7+ Kf8 34. Nc6 Bc5 35. Be3 Bxe3 36. fxe3 Nc7 37. Kf3 Kg7 38. e5 dxe5 39. d6 Ne6 40. d7 e4+ 41. Ke2 1-0

[Event "SLO-chT1 West"]
[Site "Slovenia"]
[Date "2016.11.27"]
[Round "6"]
[White "Skok, Boris"]
[Black "Rozic, Adrijan"]
[Result "0-1"]
[WhiteElo "2023"]
[BlackElo "2093"]
[PlyCount "60"]
[EventDate "2016.11.11"]
[EventType "team-tourn"]
[EventRounds "9"]
[EventCountry "SLO"]
[SourceTitle "EXT 2018"]
[Source "ChessBase"]
[SourceDate "2017.10.13"]
[SourceVersion "1"]
[SourceVersionDate "2017.10.13"]
[SourceQuality "1"]
[WhiteTeam "Komenda"]
[BlackTeam "Ig"]
[WhiteTeamCountry "SLO"]
[BlackTeamCountry "SLO"]

1. d4 e6 2. Nf3 f5 3. h3 b6 4. Bf4 Bb7 5. e3 Nf6 6. Nbd2 d6 7. Bd3 Qe7 8. c3 Nbd7 9. Qa4 g6 10. g4 Bg7 11. Rg1 a6 12. gxf5 gxf5 13. Bg5 Qf7 14. 0-0-0 Ne4 15. Rdf1 h6 16. Bh4 0-0 17. Bg3 c5 18. Bf4 Kh7 19. Qd1 cxd4 20. exd4 e5 21. Be3 Rac8 22. Kb1 Nxc3+ 23. bxc3 Rxc3 24. Bc2 Rfc8 25. Bb3 Bd5 26. dxe5 dxe5 27. Bg5 e4 28. Bf4 exf3 29. Bxd5 Qxd5 30. Nb3 Qe4+ 0-1